000 00547nam a2200181Ia 4500
003 GCL
008 140319s9999 xx 000 0 eng d
040 _aGCL /
_cGCL
082 0 4 _a004.67806
_bM G
100 1 _aMORAN, AMANDA M
245 1 0 _aCYBERTLOUND'S GUIDE TO ASSOCIATIONS AND NONPROFIT ORGANIZATIONS ON THE INTERNET /
_cMORAN, AMANDA M
260 _a[S.N] :
_bGALE RESEARCH INC. ،
_c1997
300 _a694 P
650 0 4 _aCOMPUTER - NETWORKS
650 0 4 _aINFORMATION - NETWORKS
650 0 4 _aINTERNET - ORGANIZATION
942 _2ddc
_cBK
999 _c16476
_d16476